000 004290000a22001690004500
041 0 _aENG
082 0 4 _aG 253.11 I714m
100 1 _aJ. L. C.
245 1 0 _aMethods of witnessing to Roman Catholics / J. L. C
260 _aChicago, ILL., USA : Fundamental
300 _a45 Pag
001 6324
942 _cBK
999 _c36597
_d36597
336 _atexto
_btxt
_2rdacontent
337 _2rdamedia
_asin mediación
_bn
338 _2rdacarrier
_avolumen
_bnc